Учебник русского языка. Кн. 3 (Запись № 8097393)

Подробности
000 -МАРКЕР
контрольное поле 01379nam2a22003011 4500
001 - ИДЕНТИФИКАТОР ЗАПИСИ
контрольное поле rc\4214494
005 - ИДЕНТИФИКАТОР ВЕРСИИ
контрольное поле 20250611134034.0
021 ## - НОМЕР ГОСУДАРСТВЕННОЙ РЕГИСТРАЦИИ
Код страны Российская Федерация
Номер [49-146]
021 ## - НОМЕР ГОСУДАРСТВЕННОЙ РЕГИСТРАЦИИ
Код страны Российская Федерация
Номер [48-19748]
035 ## - ДРУГИЕ СИСТЕМНЫЕ НОМЕРА
Идентификатор записи (NLR Aleph) 008211135
100 ## - ДАННЫЕ ОБЩЕЙ ОБРАБОТКИ
Данные общей обработки 20130415d1948 |||y0rusy50 ca
101 0# - ЯЗЫК РЕСУРСА
Язык текста, звукозаписи и т.д. русский
102 ## - СТРАНА ПУБЛИКАЦИИ ИЛИ ПРОИЗВОДСТВА
Страна публикации Российская Федерация
105 ## - ПОЛЕ КОДИРОВАННЫХ ДАННЫХ: ТЕКСТОВЫЕ МАТЕРИАЛЫ, МОНОГРАФИЧЕСКИЕ
Кодированные данные о монографическом текстовом документе a z |||||
200 0# - ЗАГЛАВИЕ И СВЕДЕНИЯ ОБ ОТВЕТСТВЕННОСТИ
Основное заглавие Кн. 3
Первые сведения об ответственности П.В. Виноградова, В.М. Криштопа, Е.Я. Криштопа, С.М. Омаров
210 ## - ПУБЛИКАЦИЯ, РАСПРОСТРАНЕНИЕ И ДР.
Место издания, распространения и т.д. Махачкала
Имя издателя, распространителя и т. д. Дагучпедгиз
Дата издания, распространения и т.д. 1948
Имя изготовителя Образцовая тип. им. Жданова
-- тип. Госэнергоиздата в М.
215 ## - ФИЗИЧЕСКАЯ ХАРАКТЕРИСТИКА
Специфическое обозначение материала и объем 296 с.
Другие сведения о физической характеристике ил.
Размеры 23
461 #0 - УРОВЕНЬ НАБОРА
Встроенное поле 001rc\4214492
-- 2001#$aУчебник русского языка$eДля даг. нерус. нач. школы$e[С рус.-кумык. словарем]$vКн. 3
Системный номер (АБИС) связанной записи 8097384
Место публикации Махачкала
Дата публикации 1948
Имя издателя, распространителя и т.д. Дагучпедгиз
Сведения, относящиеся к заглавию Для даг. нерус. нач. школы : [С рус.-кумык. словарем]
Заглавие Учебник русского языка
Номер тома Кн. 3
701 #1 - ИМЯ ЛИЦА - АЛЬТЕРНАТИВНАЯ ОТВЕТСТВЕННОСТЬ
Начальный элемент ввода Криштопа
Часть имени, кроме начального элемента ввода Е.Я.
701 #1 - ИМЯ ЛИЦА - АЛЬТЕРНАТИВНАЯ ОТВЕТСТВЕННОСТЬ
Начальный элемент ввода Омаров
Часть имени, кроме начального элемента ввода С.М.
701 #1 - ИМЯ ЛИЦА - АЛЬТЕРНАТИВНАЯ ОТВЕТСТВЕННОСТЬ
Начальный элемент ввода Криштопа
Часть имени, кроме начального элемента ввода В.М.
701 #1 - ИМЯ ЛИЦА - АЛЬТЕРНАТИВНАЯ ОТВЕТСТВЕННОСТЬ
Начальный элемент ввода Виноградова
Часть имени, кроме начального элемента ввода П.В.
Расширение инициалов личного имени Панна Васильевна
801 #0 - ИСТОЧНИК ЗАПИСИ
Страна Российская Федерация
Организация NLR
Правила каталогизации psbo
801 #1 - ИСТОЧНИК ЗАПИСИ
Страна Российская Федерация
Организация ELAR
Источник данных rusmarc
852 ## - МЕСТОНАХОЖДЕНИЕ И ШИФР ХРАНЕНИЯ
Идентификатор организации NLR
Шифр хранения (Call Number) Я60 Г-5/675
942 ## - ДОПОЛНИТЕЛЬНЫЕ ЭЛЕМЕНТЫ ЗАПИСИ (АБИС)
Тип экземпляра АБИС Книга
980 ## - КОЛЛЕКЦИЯ
Название коллекции Национальная библиография
Экземпляры
Тип экземпляра Дата поступления Библиотека постоянного хранения Библиотека текущего хранения Место хранения Шифр хранения Штрих-код Статус экземпляра
Книга 26.10.2013 РНБ (Садовая) РНБ (Садовая) Русский книжный фонд -Главное здание, Ленинский читальный зал Я60 Г-5/675 8211135-10